00847nam a2200193 a 4500001001000000003000900010005001700019008004100036040002500077082002000102245010200122260010000224300003600324651006000360651005100420700003600471710008100507710006500588000014305DO-SdBNP20250512125213.0091209s1989 dr d 000 0 spa d aDO-SdBNPbspacBNPHU 4a330.97293bI34s00aImpacto del sector privado en la economía dominicana /cpresentación, José Báez Guerrero. aSanto Domingo :bFundación Economia y Desarrollo : Acción Empresarial Santo Domingo,c1989. a259 p. :bil., diagr. ;c23 cm. 4aRepública DominicanaxCondiciones económicasy1961- 4aRepública DominicanaxPolítica económica1 aBáez Guerrero, José,d1958-2 a Fundación Economía y Desarrollo (Santo Domingo, República Dominicana)1 aAcción Empresarial (Santo Domingo, República Dominicana)